Normal view
MARC view
- Königsmarck, Hans Adolf Erwein Max
Entry Personal Name
001 - CONTROL NUMBER
- control field: 50327
003 - CONTROL NUMBER IDENTIFIER
- control field: NUST
005 - DATE AND TIME OF LATEST TRANSACTION
- control field: 20210314134605.0
008 - FIXED-LENGTH DATA ELEMENTS
- fixed length control field: 210314|| aca||aabn | a|a d
040 ## - CATALOGING SOURCE
- Original cataloging agency: NUST
- Transcribing agency: NUST
100 ## - HEADING--PERSONAL NAME
- Personal name: Königsmarck, Hans Adolf Erwein Max
670 ## - SOURCE DATA FOUND
- Source citation: Work cat.: (NUST): Königsmarck, Hans Adolf Erwein Max,, A German staff officer in India, 1910.
